000 00601nam a2200217 a 4500
005 20140310183517.0
008 110108s19uu xx 00 eng d
020 _a9780415965484
050 _aKF 1614
_b.M66 2011
100 _aMoore, Roy
245 _aAdvertising and public relations law.
260 _aNew York :
_bRoutledge,
_c2011.
300 _a464 p. :
_bill. ;
_c24 cm.
521 _aMC
650 _aAdvertising law-United States.
650 _aPublic relations and law-United States.
700 _aCarmen Maye
700 _aErik Collins
942 _cBK
_2lcc
_kFOR
999 _c24325
_d24325